Metaphors in and for the Sociology of Religion: Towards a Theory after Nietzsche
Metaphors are indispensable for sociological thinking about religion, but they have received much less consideration than they deserve. This article argues the importance of systematic theoretical reflection on metaphors, both in the sociological analysis of religion and in the religious discourse o...
| Main Author: | |
|---|---|
| Format: | Electronic Article |
| Language: | English |
| Check availability: | HBZ Gateway |
| Interlibrary Loan: | Interlibrary Loan for the Fachinformationsdienste (Specialized Information Services in Germany) |
| Published: |
[2012]
|
| In: |
Journal of contemporary religion
Year: 2012, Volume: 27, Issue: 2, Pages: 203-216 |
| Online Access: |
Volltext (Resolving-System) |
MARC
| LEADER | 00000naa a22000002c 4500 | ||
|---|---|---|---|
| 001 | 1690885327 | ||
| 003 | DE-627 | ||
| 005 | 20200224170450.0 | ||
| 007 | cr uuu---uuuuu | ||
| 008 | 200224s2012 xx |||||o 00| ||eng c | ||
| 024 | 7 | |a 10.1080/13537903.2012.675688 |2 doi | |
| 035 | |a (DE-627)1690885327 | ||
| 035 | |a (DE-599)KXP1690885327 | ||
| 040 | |a DE-627 |b ger |c DE-627 |e rda | ||
| 041 | |a eng | ||
| 084 | |a 0 |2 ssgn | ||
| 100 | 1 | |e VerfasserIn |0 (DE-588)1069398586 |0 (DE-627)821850431 |0 (DE-576)428667899 |4 aut |a McKinnon, Andrew | |
| 109 | |a McKinnon, Andrew |a McKinnon, Andrew M. | ||
| 245 | 1 | 0 | |a Metaphors in and for the Sociology of Religion |b Towards a Theory after Nietzsche |
| 264 | 1 | |c [2012] | |
| 336 | |a Text |b txt |2 rdacontent | ||
| 337 | |a Computermedien |b c |2 rdamedia | ||
| 338 | |a Online-Ressource |b cr |2 rdacarrier | ||
| 520 | |a Metaphors are indispensable for sociological thinking about religion, but they have received much less consideration than they deserve. This article argues the importance of systematic theoretical reflection on metaphors, both in the sociological analysis of religion and in the religious discourse of society. The article provides an outline of Nietzsche's early sociological theory of metaphor, situating it as a neglected classic for sociologists of religion in the context of other work on metaphor in the discipline. | ||
| 601 | |a Religion | ||
| 773 | 0 | 8 | |i Enthalten in |t Journal of contemporary religion |d Basingstoke, Hants [u.a.] : Carfax Publ., 1995 |g 27(2012), 2, Seite 203-216 |h Online-Ressource |w (DE-627)320501132 |w (DE-600)2012230-5 |w (DE-576)095237976 |x 1469-9419 |7 nnas |
| 773 | 1 | 8 | |g volume:27 |g year:2012 |g number:2 |g pages:203-216 |
| 856 | 4 | 0 | |u https://doi.org/10.1080/13537903.2012.675688 |x Resolving-System |7 1 |
| 951 | |a AR | ||
| ELC | |a 1 | ||
| ITA | |a 1 |t 1 | ||
| LOK | |0 000 xxxxxcx a22 zn 4500 | ||
| LOK | |0 001 3597816231 | ||
| LOK | |0 003 DE-627 | ||
| LOK | |0 004 1690885327 | ||
| LOK | |0 005 20200224170450 | ||
| LOK | |0 008 200224||||||||||||||||ger||||||| | ||
| LOK | |0 040 |a DE-Tue135 |c DE-627 |d DE-Tue135 | ||
| LOK | |0 092 |o n | ||
| LOK | |0 852 |a DE-Tue135 | ||
| LOK | |0 852 1 |9 00 | ||
| LOK | |0 935 |a ixzs |a ixzo |a rwrk | ||
| LOK | |0 939 |a 24-02-20 |b l01 | ||
| ORI | |a SA-MARC-ixtheoa001.raw | ||
| REL | |a 1 | ||
| SUB | |a REL | ||



